[Event "Top 16 Groupe B"]
[Site "Chartres, France"]
[Date "2024.06.05"]
[Round "7.19"]
[White "Korobov, Anton"]
[Black "Van Foreest, Lucas"]
[Result "1/2-1/2"]
[WhiteElo "2651"]
[BlackElo "2505"]
[PlyCount "110"]
[EventDate "2024.??.??"]

1. e4 {2} e5 {5} 2. Nf3 {9} Nc6 {5} 3. Bc4 {7} Nf6 {31} 4. d3 {9} Be7 {49} 5.
Nc3 {73} d6 {74} 6. a3 {150} O-O {79} 7. O-O {20} a6 {392} 8. h3 {626} h6 {5}
9. Be3 {37} Be6 {36} 10. Nd5 {83} Nb8 {519} 11. Nxf6+ {313} Bxf6 {61} 12. Bxe6
{6} fxe6 {36} 13. c3 {6} d5 {780} 14. Qb3 {445} b6 {220} 15. exd5 {337} exd5 {
198} 16. c4 {16} d4 {545} 17. Bd2 {18} Nd7 {33} 18. c5+ {176} Kh8 {25} 19. cxb6
{8} cxb6 {24} 20. Bb4 {78} Be7 {573} 21. Qd5 {110} Rc8 {76} 22. Rfe1 {544} Re8
{727} 23. Rac1 {472} Rxc1 {188} 24. Rxc1 {199} Bxb4 {64} 25. axb4 {3} Nf6 {64}
26. Qxd8 {21} Rxd8 {1} 27. Nxe5 {8} Re8 {5} 28. Nf3 {713} Nd5 {67} 29. Rc4 {335
} Nf4 {25} 30. Rc6 {6} Nxd3 {220} 31. Rxb6 {150} Rd8 {440} 32. b5 {137} a5 {133
} 33. Ra6 {55} Nxb2 {5} 34. b6 {39} Rb8 {100} 35. Rxa5 {612} d3 {86} 36. Rb5 {
173} Nc4 {4} 37. Rd5 {6} d2 {32} 38. Nxd2 {8} Nxd2 {3} 39. Rxd2 {6} Rxb6 {2}
40. g4 {11} Kh7 {93} 41. Kg2 {17} Rb5 {103} 42. Kg3 {18} h5 {50} 43. Kh4 {65}
hxg4 {8} 44. hxg4 {4} g6 {99} 45. f4 {23} Kg7 {196} 46. Rd7+ {25} Kg8 {5} 47.
Re7 {7} Ra5 {104} 48. Re5 {7} Ra7 {13} 49. Kg5 {17} Kg7 {5} 50. Rb5 {31} Rc7 {5
} 51. Ra5 {13} Rb7 {4} 52. Ra6 {7} Rb5+ {4} 53. f5 {4} gxf5 {8} 54. Ra7+ {8}
Kf8 {17} 55. gxf5 {6} Rb6 {5} 1/2-1/2

[Event "Top 16 Groupe B"]
[Site "Chartres, France"]
[Date "2024.06.05"]
[Round "7.20"]
[White "Shchekachev, Andrei"]
[Black "David, Alberto"]
[Result "1/2-1/2"]
[WhiteElo "2492"]
[BlackElo "2509"]
[PlyCount "41"]
[EventDate "2024.??.??"]

1. Nf3 {4} Nf6 {64} 2. c4 {19} c5 {29} 3. Nc3 {28} e6 {56} 4. g3 {109} Nc6 {55}
5. Bg2 {115} d5 {42} 6. cxd5 {144} exd5 {7} 7. d4 {11} cxd4 {36} 8. Nxd4 {9}
Bc5 {16} 9. Nb3 {83} Bb6 {10} 10. O-O {69} d4 {48} 11. Na4 {26} O-O {70} 12.
Bg5 {243} h6 {99} 13. Nxb6 {110} axb6 {13} 14. Bxc6 {55} bxc6 {32} 15. Bxf6 {29
} Qxf6 {9} 16. Qxd4 {22} Rd8 {221} 17. Qxf6 {446} gxf6 {99} 18. Rfd1 {239}
Rxd1+ {139} 19. Rxd1 {166} Be6 {10} 20. Nc1 {164} Bxa2 {34} 21. Nxa2 {216}
1/2-1/2

[Event "Top 16 Groupe B"]
[Site "Chartres, France"]
[Date "2024.06.05"]
[Round "7.21"]
[White "Velten, Paul"]
[Black "Abergel, Thal"]
[Result "0-1"]
[WhiteElo "2488"]
[BlackElo "2390"]
[PlyCount "53"]
[EventDate "2024.??.??"]

1. e4 {8} c6 {67} 2. d4 {81} d5 {8} 3. e5 {66} Bf5 {8} 4. Be3 {35} e6 {48} 5.
Nd2 {57} Nd7 {60} 6. g4 {227} Bg6 {12} 7. Ne2 {16} f6 {176} 8. f4 {804} fxe5 {
345} 9. dxe5 {68} Bc5 {53} 10. Bxc5 {375} Nxc5 {43} 11. Ng3 {11} Nh6 {405} 12.
h4 {958} O-O {157} 13. Qf3 {488} Bxc2 {466} 14. Rc1 {186} Be4 {41} 15. Ngxe4 {
40} dxe4 {45} 16. Nxe4 {76} Nxe4 {570} 17. Qxe4 {7} Nxg4 {17} 18. Bd3 {131} g6
{460} 19. Bc4 {32} Qe7 {326} 20. h5 {399} Kg7 {877} 21. hxg6 {350} hxg6 {67}
22. Rc3 {44} Qb4 {356} 23. Rg1 {969} Qxb2 {270} 24. Rxg4 {37} Qxc3+ {6} 25. Kf1
{94} Qh3+ {62} 26. Qg2 {15} Qxg2+ {99} 27. Kxg2 {4} 0-1

[Event "Top 16 Groupe B"]
[Site "Chartres, France"]
[Date "2024.06.05"]
[Round "7.22"]
[White "Vlachos, Anatole"]
[Black "Guilleux, Fabien"]
[Result "1-0"]
[WhiteElo "2470"]
[BlackElo "2374"]
[PlyCount "79"]
[EventDate "2024.??.??"]

1. e4 {71} e5 {24} 2. Nf3 {3} Nf6 {11} 3. Nxe5 {13} d6 {11} 4. Nf3 {2} Nxe4 {16
} 5. Nc3 {53} Nxc3 {30} 6. dxc3 {8} Be7 {10} 7. Bf4 {86} O-O {69} 8. Qd2 {2}
Nd7 {22} 9. O-O-O {5} Nc5 {42} 10. h4 {16} Ne4 {438} 11. Qe1 {2700} Nf6 {371}
12. Bd3 {136} Re8 {92} 13. Ng5 {135} Bd7 {997} 14. f3 {133} b5 {64} 15. Qd2 {
109} c5 {876} 16. Kb1 {547} Qb6 {717} 17. g4 {133} Bc6 {287} 18. h5 {64} c4 {
431} 19. Bf5 {143} b4 {197} 20. Be3 {256} bxc3 {106} 21. Qxc3 {17} Qb5 {19} 22.
h6 {72} g6 {540} 23. Ne4 {7} Qe5 {107} 24. Bd4 {31} Nxe4 {132} 25. Bxe4 {5} Qb5
{6} 26. Bc5 {245} f6 {51} 27. Bxc6 {69} Qxc6 {13} 28. Bxd6 {51} Rad8 {277} 29.
Bxe7 {7} Rxd1+ {5} 30. Rxd1 {3} Rxe7 {5} 31. a3 {68} Kf7 {15} 32. g5 {41} Re5 {
96} 33. f4 {210} Re4 {84} 34. Rd8 {259} Rxf4 {91} 35. Rh8 {65} Ke6 {34} 36.
Rxh7 {44} fxg5 {14} 37. Rh8 {97} Rh4 {54} 38. Qe3+ {106} Kf5 {68} 39. Rf8+ {83}
Kg4 {3} 40. Qg1+ {73} 1-0

[Event "Top 16 Groupe B"]
[Site "Chartres, France"]
[Date "2024.06.05"]
[Round "7.23"]
[White "Lucas, Arthur"]
[Black "Kuhn, Clement"]
[Result "0-1"]
[WhiteElo "2323"]
[BlackElo "2350"]
[PlyCount "118"]
[EventDate "2024.??.??"]

1. e4 {4} e6 {32} 2. d4 {30} d5 {5} 3. e5 {58} c5 {23} 4. c3 {5} Nc6 {4} 5. Nf3
{13} Bd7 {5} 6. Be2 {54} f6 {16} 7. O-O {29} fxe5 {6} 8. Nxe5 {9} Nxe5 {6} 9.
dxe5 {4} Qc7 {11} 10. Re1 {85} O-O-O {31} 11. Nd2 {62} Ne7 {785} 12. Nf3 {23}
h6 {33} 13. b4 {571} Nc6 {911} 14. bxc5 {389} Bxc5 {148} 15. Bf4 {37} g5 {613}
16. Bg3 {36} h5 {134} 17. Nxg5 {182} h4 {71} 18. Bf4 {7} Rdf8 {124} 19. Nh3 {
1221} Nxe5 {619} 20. Bxe5 {1209} Qxe5 {55} 21. Bb5 {91} Qf5 {1384} 22. Bxd7+ {
115} Kxd7 23. Kh1 {93} Rhg8 {112} 24. Qe2 {598} Rg6 {55} 25. c4 {319} Qg4 {171}
26. Qxg4 {206} Rxg4 {21} 27. cxd5 {8} exd5 {1} 28. Rad1 {113} Rf5 {37} 29. Re2
{175} Rd4 {540} 30. Rxd4 {46} Bxd4 {61} 31. g4 {5} hxg3 {88} 32. hxg3 {30} Kd6
{79} 33. Kg2 {36} b5 {17} 34. f4 {349} b4 {3} 35. Kf3 {146} a5 {13} 36. g4 {30}
Rf8 {33} 37. f5 {140} Rc8 {156} 38. g5 {29} a4 {16} 39. Nf4 {23} b3 {61} 40.
axb3 {16} axb3 {34} 41. Re6+ {661} Kd7 {439} 42. Nd3 {207} b2 {399} 43. Nxb2 {
327} Bxb2 {8} 44. Rb6 {22} Be5 {86} 45. Re6 {153} Bd6 {193} 46. Rh6 {333} Be5 {
397} 47. Re6 {150} Re8 {73} 48. Rh6 {64} Bc3 {14} 49. f6 {91} d4 {128} 50. g6 {
93} d3 {144} 51. f7 {28} Rf8 {23} 52. Ke3 {64} d2 {1} 53. Ke2 {29} Ke7 {27} 54.
Rh3 {24} Rd8 {74} 55. Kd1 {21} Rc8 {93} 56. Re3+ {48} Kf8 {11} 57. Rd3 {31} Ba5
{32} 58. Ke2 {32} Rc1 {20} 59. Rd5 {30} Re1+ {10} 0-1

[Event "Top 16 Groupe B"]
[Site "Chartres, France"]
[Date "2024.06.05"]
[Round "7.24"]
[White "Aflalo, Sophie"]
[Black "Afraoui, Anaelle"]
[Result "1-0"]
[WhiteElo "2136"]
[BlackElo "2145"]
[PlyCount "43"]
[EventDate "2024.??.??"]

1. d4 {225} Nf6 {21} 2. Bg5 {3} Ne4 {78} 3. Bf4 {90} d5 {32} 4. f3 {266} Nf6 {
101} 5. Nc3 {85} c5 {513} 6. e4 {66} dxe4 {290} 7. dxc5 {161} Qa5 {418} 8. Qd2
{1120} Bd7 {501} 9. O-O-O {427} Qxc5 {176} 10. g4 {655} e5 {445} 11. Be3 {131}
Qa5 {15} 12. g5 {267} Nh5 {23} 13. Bc4 {523} Bb4 {207} 14. Nge2 {337} exf3 {681
} 15. Ng3 {128} Nxg3 {10} 16. hxg3 {9} Bxc3 {24} 17. bxc3 {2} Qc7 {17} 18.
Bxf7+ {258} Kxf7 {115} 19. Qd5+ {33} Ke8 {426} 20. Rxh7 {114} Rxh7 {323} 21.
Qg8+ {5} Ke7 {23} 22. g6 {10} 1-0

[Event "Top 16 Groupe B"]
[Site "Chartres, France"]
[Date "2024.06.05"]
[Round "7.25"]
[White "Vitiugov, Nikita"]
[Black "Ivanchuk, Vasyl"]
[Result "1/2-1/2"]
[WhiteElo "2688"]
[BlackElo "2609"]
[PlyCount "59"]
[EventDate "2024.??.??"]

1. e4 {11} c6 {50} 2. d4 {8} d5 {6} 3. f3 {40} g6 {41} 4. Nc3 {60} Bg7 {13} 5.
Be3 {154} dxe4 {260} 6. fxe4 {31} e5 {5} 7. dxe5 {297} Qh4+ {395} 8. Bf2 {308}
Qe7 {450} 9. Nf3 {103} Nd7 {19} 10. Bh4 {364} Qb4 {1043} 11. a3 {505} Qb6 {17}
12. Bc4 {459} Nxe5 {350} 13. Nxe5 {71} Bxe5 {1} 14. Qd2 {741} Bg4 {1998} 15.
Qg5 {1108} Qc5 {131} 16. Qxg4 {139} Qxc4 {37} 17. O-O-O {75} Qe6 {498} 18.
Qxe6+ {231} fxe6 {1} 19. Rhf1 {66} Nh6 {292} 20. h3 {131} Nf7 {63} 21. Ne2 {204
} c5 {120} 22. Rd3 {413} g5 {191} 23. Rdf3 {45} O-O {64} 24. Bg3 {29} Bg7 {16}
25. Nc3 {80} Ne5 {68} 26. Rxf8+ {119} Rxf8 27. Rxf8+ {169} Kxf8 28. Nb5 {26}
Nc4 {100} 29. c3 {92} Ne3 {31} 30. Bf2 {138} 1/2-1/2

[Event "Top 16 Groupe B"]
[Site "Chartres, France"]
[Date "2024.06.05"]
[Round "7.26"]
[White "Dardha, Daniel"]
[Black "Bacrot, Etienne"]
[Result "0-1"]
[WhiteElo "2650"]
[BlackElo "2684"]
[PlyCount "138"]
[EventDate "2024.??.??"]

1. c4 {15} e5 {744} 2. g3 {23} Nf6 {7} 3. Bg2 {18} c6 {98} 4. Nf3 {33} e4 {6}
5. Nd4 {5} Qb6 {82} 6. Nb3 {58} a5 {65} 7. d3 {60} Bb4+ {7} 8. Nc3 {552} a4 {30
} 9. Nd2 {387} exd3 {487} 10. O-O {139} O-O {114} 11. exd3 {80} d5 {664} 12.
cxd5 {626} Bg4 {249} 13. Qc2 {273} cxd5 {221} 14. Nxd5 {930} Nxd5 {16} 15. Bxd5
{4} Nc6 {222} 16. Nc4 {1231} Qb5 {141} 17. Ne3 {479} Nd4 {678} 18. Qc4 {19}
Qxc4 {30} 19. Nxc4 {462} Be2 {344} 20. Be3 {136} Rad8 {122} 21. Bxb7 {111} Bxd3
{149} 22. Ne5 {211} Bxf1 {66} 23. Rxf1 {35} Bd2 {496} 24. Bxd4 {146} Rxd4 {6}
25. Bc6 {151} Rc8 {234} 26. a3 {42} Bh6 {206} 27. Nf3 {124} Rc4 {96} 28. Bb5 {
44} Re4 {62} 29. Rd1 {28} Rc1 {49} 30. Rxc1 {17} Bxc1 {5} 31. Bc6 {3} Rc4 {102}
32. Bb5 {7} Rc5 {17} 33. Bxa4 {8} Bxb2 {4} 34. Bb3 {55} Bxa3 {22} 35. h4 {29}
h6 {179} 36. Kg2 {35} g6 {6} 37. Ba4 {99} Kg7 {50} 38. Be8 {37} Rc2 {69} 39.
Nd4 {36} Rd2 {110} 40. Nb3 {45} Rb2 {72} 41. Ba4 {35} f5 {80} 42. Kf3 {146} Kf6
{133} 43. Na1 {159} Rd2 {400} 44. Nb3 {116} Rc2 {86} 45. Kg2 {183} Rc4 {162}
46. Be8 {3} Bd6 {212} 47. h5 {291} g5 {28} 48. Bg6 {8} Bb4 {41} 49. Be8 {168}
Ke5 {47} 50. Bg6 {96} g4 {180} 51. Bf7 {164} Rc2 {95} 52. Kf1 {70} Rc7 {388}
53. Bg6 {71} Rc3 {39} 54. Bf7 {8} Rc2 {128} 55. Bg6 {60} Rb2 {23} 56. Bf7 {8}
Kf6 {68} 57. Bg8 {33} Rb1+ {77} 58. Kg2 {34} Ke5 {8} 59. Bf7 {97} Ke4 {20} 60.
Be6 {28} Rb2 {34} 61. Kf1 {39} f4 {59} 62. gxf4 {53} Kxf4 {2} 63. Bg8 {133} g3
{45} 64. fxg3+ {10} Kxg3 {7} 65. Bc4 {127} Rf2+ {7} 66. Kg1 {4} Rf3 {23} 67.
Nc1 {54} Bc5+ {22} 68. Kh1 {5} Rf5 {20} 69. Be2 {70} Rf4 {19} 0-1

[Event "Top 16 Groupe B"]
[Site "Chartres, France"]
[Date "2024.06.05"]
[Round "7.27"]
[White "Rodshtein, Maxim"]
[Black "Mamedov, Rauf"]
[Result "1/2-1/2"]
[WhiteElo "2593"]
[BlackElo "2651"]
[PlyCount "29"]
[EventDate "2024.??.??"]

1. Nf3 {5} d5 {18} 2. e3 {53} Nf6 {71} 3. c4 {19} e6 {104} 4. Nc3 {89} c5 {73}
5. d4 {63} Nc6 {16} 6. a3 {114} a6 {25} 7. dxc5 {262} Bxc5 {37} 8. b4 {20} Ba7
{184} 9. Bb2 {39} O-O {97} 10. Bd3 {904} dxc4 {315} 11. Bxc4 {6} b5 {342} 12.
Bd3 {41} Bb7 {12} 13. O-O {747} Ne7 {633} 14. Qe2 {345} Ng6 {359} 15. Rfd1 {856
} 1/2-1/2

[Event "Top 16 Groupe B"]
[Site "Chartres, France"]
[Date "2024.06.05"]
[Round "7.28"]
[White "Maurizzi, Marc Andria"]
[Black "Fressinet, Laurent"]
[Result "1/2-1/2"]
[WhiteElo "2617"]
[BlackElo "2633"]
[PlyCount "71"]
[EventDate "2024.??.??"]

1. e4 {23} e5 {10} 2. Nf3 {100} Nc6 {50} 3. Bb5 {4} Nf6 {12} 4. d3 {17} Bc5 {96
} 5. c3 {5} O-O {33} 6. Bg5 {3} Be7 {176} 7. O-O {203} d6 {98} 8. Nbd2 {1071}
h6 {238} 9. Be3 {145} a6 {378} 10. Ba4 {237} Ng4 {849} 11. d4 {109} Bf6 {163}
12. h3 {120} Nxe3 {202} 13. fxe3 {3} Qe7 {325} 14. Bc2 {309} Nb8 {234} 15. a4 {
55} a5 {294} 16. Bd3 {426} Nd7 {95} 17. Nc4 {622} b6 {482} 18. Ncd2 {230} Bb7 {
289} 19. Bc4 {70} g6 {170} 20. Qb3 {72} Bg7 {124} 21. Bd5 {48} Bxd5 {113} 22.
Qxd5 {181} Nf6 {14} 23. Qc6 {2} Qd7 {38} 24. Qxd7 {36} Nxd7 {2} 25. Kf2 {200}
Rfe8 {176} 26. Ke2 {136} d5 {466} 27. exd5 {49} exd4 {4} 28. Nxd4 {9} Nf6 {33}
29. d6 {92} cxd6 {114} 30. Nb5 {97} Rad8 {69} 31. Rf3 {46} d5 {235} 32. Raf1 {4
} Re6 {9} 33. Nd4 {9} Red6 {5} 34. Nb5 {17} Re6 {4} 35. Nd4 {96} Red6 {4} 36.
Nb5 {5} 1/2-1/2

[Event "Top 16 Groupe B"]
[Site "Chartres, France"]
[Date "2024.06.05"]
[Round "7.29"]
[White "Ragger, Markus"]
[Black "Lagarde, Maxime"]
[Result "1/2-1/2"]
[WhiteElo "2601"]
[BlackElo "2622"]
[PlyCount "92"]
[EventDate "2024.??.??"]

1. d4 {134} Nf6 {5} 2. c4 {14} e6 {5} 3. Nf3 {11} b6 {4} 4. g3 {13} Bb4+ {5} 5.
Bd2 {19} Bxd2+ {6} 6. Qxd2 {8} Ba6 {3} 7. b3 {51} O-O {6} 8. Bg2 {38} d5 {10}
9. O-O {391} c5 {46} 10. cxd5 {166} exd5 {287} 11. dxc5 {529} bxc5 {76} 12. Nc3
{33} Nc6 {8} 13. Rac1 {422} Rc8 {655} 14. Rfe1 {367} Re8 {539} 15. Nh4 {515} g6
{1445} 16. Nxd5 {1041} Nxd5 {77} 17. Qxd5 {41} Nd4 {1207} 18. Qxd8 {349} Rcxd8
{21} 19. Bf1 {117} Nxe2+ {75} 20. Bxe2 {8} Rxe2 {7} 21. Rxe2 {399} Bxe2 {128}
22. Rxc5 {22} Rd1+ {21} 23. Kg2 {2} Bf1+ {11} 24. Kf3 {10} Rd3+ {5} 25. Ke4 {
210} Rd2 {26} 26. Rc7 {389} Re2+ {359} 27. Kf3 {199} Rxa2 {26} 28. Ng2 {62}
Be2+ {54} 29. Ke3 {28} Bd1 {19} 30. b4 {189} Re2+ {138} 31. Kd4 {17} Rxf2 {494}
32. Ne3 {2} Bf3 {120} 33. Rxa7 {206} Rxh2 {28} 34. b5 {22} h5 {281} 35. b6 {83}
h4 {13} 36. gxh4 {189} Rxh4+ {5} 37. Kc5 {20} Rh5+ {127} 38. Kb4 {22} Bc6 {75}
39. Nc4 {39} Rb5+ {21} 40. Kc3 {6} Bd5 {109} 41. Ra5 {163} Rxa5 {4} 42. Nxa5 {5
} g5 {25} 43. Kd4 {9} Ba8 {32} 44. Ke5 {54} g4 {17} 45. Kf4 {5} f5 {31} 46. b7
{50} Bxb7 {5} 1/2-1/2

[Event "Top 16 Groupe B"]
[Site "Chartres, France"]
[Date "2024.06.05"]
[Round "7.30"]
[White "Bauer, Christian"]
[Black "Le Roux, Jean-Pierre"]
[Result "1-0"]
[WhiteElo "2572"]
[BlackElo "2473"]
[PlyCount "61"]
[EventDate "2024.??.??"]

1. d4 {2} Nf6 {71} 2. Nf3 {12} g6 {170} 3. c4 {140} Bg7 {277} 4. e3 {41} O-O {
131} 5. Be2 {21} d5 {193} 6. cxd5 {6} Nxd5 {6} 7. e4 {13} Nb6 {3} 8. Nc3 {373}
Nc6 {321} 9. d5 {427} Na5 {35} 10. O-O {716} c6 {8} 11. Re1 {53} Nac4 {673} 12.
a4 {657} cxd5 {583} 13. exd5 {319} Nd6 {72} 14. Bg5 {321} h6 {99} 15. Bf4 {8}
Bg4 {533} 16. Ne5 {113} Bf5 {401} 17. g4 {938} Bc8 {357} 18. Bg3 {285} Nd7 {48}
19. Nd3 {64} Nf6 {440} 20. Bf3 {23} Re8 {70} 21. h3 {54} Bd7 {71} 22. Ne5 {279}
Qb6 {170} 23. Re2 {144} Rac8 {249} 24. Qd3 {94} Qb4 {139} 25. Rae1 {74} Bxa4 {
290} 26. Nxg6 {70} fxg6 {10} 27. Qxg6 {18} Bd7 {594} 28. Rxe7 {120} Rxe7 {32}
29. Rxe7 {2} Nde8 {160} 30. Qf7+ {282} Kh8 {14} 31. Be5 {57} 1-0

[Event "Top 16 Groupe B"]
[Site "Chartres, France"]
[Date "2024.06.05"]
[Round "7.31"]
[White "Maze, Sebastien"]
[Black "Guliyev, Namig"]
[Result "1/2-1/2"]
[WhiteElo "2561"]
[BlackElo "2483"]
[PlyCount "42"]
[EventDate "2024.??.??"]

1. d4 {22} d5 {97} 2. Nf3 {5} Nf6 {26} 3. c4 dxc4 {64} 4. e3 {34} e6 {59} 5.
Bxc4 {15} a6 {8} 6. O-O {7} c5 {4} 7. Qe2 {39} b5 {485} 8. Bd3 {30} cxd4 {293}
9. a4 {14} bxa4 {134} 10. Rxa4 {20} Bd7 {86} 11. Rxd4 {56} Nc6 {13} 12. Rh4 {60
} Nb4 {505} 13. Rd1 {168} Nxd3 {371} 14. Rxd3 {150} Qb8 {24} 15. Nc3 {88} Be7 {
157} 16. e4 {503} Bb5 {505} 17. Nxb5 {19} axb5 {8} 18. Rd1 {663} Qb7 {333} 19.
Bg5 {1840} h6 {613} 20. e5 {1157} Nd5 {77} 21. Bxe7 {4} Kxe7 {119} 1/2-1/2

[Event "Top 16 Groupe B"]
[Site "Chartres, France"]
[Date "2024.06.05"]
[Round "7.32"]
[White "Daulyte-Cornette, Deimante"]
[Black "Sebag, Marie"]
[Result "1/2-1/2"]
[WhiteElo "2381"]
[BlackElo "2437"]
[PlyCount "63"]
[EventDate "2024.??.??"]

1. e4 {1} c5 {28} 2. Nc3 {12} Nc6 {19} 3. Nf3 {13} g6 {20} 4. Bb5 {16} Bg7 {101
} 5. d3 {22} d6 {297} 6. e5 {199} dxe5 {83} 7. Bxc6+ {20} bxc6 {6} 8. O-O {201}
c4 {194} 9. Qe2 {67} Qc7 {632} 10. Re1 {289} cxd3 {497} 11. cxd3 {14} Bg4 {25}
12. h3 {335} Bxf3 {142} 13. Qxf3 {6} f5 {939} 14. Bg5 {2285} Nf6 {870} 15. Rac1
{185} Rc8 {132} 16. Qe3 {653} O-O {230} 17. f4 {512} exf4 {496} 18. Bxf4 {5}
Qb6 {709} 19. Qxb6 {73} axb6 {4} 20. Rxe7 {8} Nd5 {21} 21. Nxd5 {45} cxd5 {5}
22. Rcc7 {513} Rxc7 {277} 23. Bxc7 {10} Bd4+ {14} 24. Kf1 {61} Ra8 {24} 25. Rd7
{112} Rxa2 {103} 26. Rxd5 {17} Bxb2 {50} 27. Bxb6 {16} Ra6 {64} 28. Bc5 {71}
Ba3 {126} 29. Bxa3 {163} Rxa3 {4} 30. Ke2 {14} Ra7 {28} 31. Ke3 {66} Kf7 {11}
32. Rb5 {98} 1/2-1/2